000 00664nam a2200253Ia 4500
003 OSt
005 20221006145100.0
006 a|||||r|||| 00| 0
007 ta
008 221006b |||||||| |||| 00| 0 eng d
020 _c
_7.00
024 _a13,725
037 _cTextual
040 _aEASL
_cEASL
_beng
041 _2eng
_aeng
082 _aV58:19.49A1.N5, K7
100 _aCAROE Olaf
245 0 _aSoviet empire
_b Turks of central Asia and sralinism
260 _aNew York
_bMacmillan
_c1967
300 _a308p.
_ccm.
490 _v Oth
942 _hV58:19.49A1.N5, K7
_cTEXL
_2CC
999 _c1081811
_d1081811